Teatro [camus] /

Guardado en:
Autor Principal: Camus, Albert
Formato: Libro
Publicado: Buenos Aires : Losada, 1951
Materias:
Etiquetas: Agregar Etiqueta
Sin Etiquetas, Sea el primero en etiquetar este registro!
LEADER 00531nam a22001695a 4500
001 EHU.bham009595
003 AR-BHAM
005 20100215143504.0
008 130507s1951##################000#0#####d
082 8 4 |a 842.9 
100 1 |a Camus, Albert 
245 1 0 |a Teatro [camus] /  |c Albert Camus 
260 |a Buenos Aires :  |b Losada,  |c 1951 
300 |a 262 p. 
505 0 |a Contiene: El malentendido.- Calígula.- El estado de sitio.- Los justos.- 
653 |a Teatro frances-1901- 
859 |a AR-BHAM  |b BIB. HUMANIDADES - General  |h 842.9  |i C159A2  |p 303.91  |t Ej.1